| 000 | 01298nam0a22003131 4500 | ||
|---|---|---|---|
| 001 | v19\rc\1294745 | ||
| 005 | 20260406064703.0 | ||
| 035 | _a(NLR Aleph) 005201457 | ||
| 090 |
_a5314276 _c5314276 |
||
| 100 | _a20060306e18611861|||y0rusy50 ca | ||
| 101 | 0 | _arus | |
| 102 | _aRU | ||
| 105 | _ay z ||||| | ||
| 200 | 1 |
_aЗначение Шевченка для Украйны _eПроводы тела его в Украйну из Петербурга _f[М. Максимович] |
|
| 210 |
_a[Санкт-Петербург _d1861] |
||
| 215 |
_a38 с. _d23 |
||
| 300 | _aАвт. указан в конце текста | ||
| 309 | _aБез тит. л. и обл. | ||
| 311 | _aОтт. из журн. "Основа". 1861, № 6 | ||
| 488 | 0 |
_12001#$aОснова$v1861, № 6 _tОснова |
|
| 700 | 1 |
_7ca _8rus _aМаксимович _bМ. А. _f1804-1873 _gМихаил Александрович _967023 _3RU\NLR\AUTH\7784095 |
|
| 702 | 1 |
_4570 _7ca _8rus _aШевченко _bТ. Г. _cпоэт _f1814-1861 _gТарас Григорьевич _97110 _3RU\NLR\AUTH\7724058 |
|
| 801 | 0 |
_aRU _bNLR _c20060306 _gpsbo |
|
| 801 | 0 |
_aRU _bRuMoRGB _c20060306 _2psbo |
|
| 801 | 1 |
_aRU _bProSoft-M _c20060306 _2rusmarc |
|
| 801 | 2 |
_aRU _bNLR _c20100513 _2rusmarc |
|
| 852 |
_aNLR _j18.94.2.526 |
||
| 942 | _cBOOK | ||
| 980 | _aNB | ||